000 00661nam a2200217 a 4500
005 20191224041756.0
008 140318s1991 enk fr|||| 00| 0 eng d
020 _a0122071506
040 _aCO-BoIAVH
_cCO-BoIAVH
041 0 _aeng
044 _aenk
082 0 4 _a591.5
_bS78e
100 1 _aStamp Dawkins, Marians
_eEditor
245 1 0 _aEthics in research on animal behaviour :
_breadings from animal behaviour
260 _aLondon :
_bAcademic Press,
_c1991.
300 _a64 páginas ;
_c25 x 18 cm.
650 6 _aComportamiento animal
650 6 _aInvestigaciones
700 1 _aGosling, Morris
_eEditor
942 _cLIBRO
_2ddc
999 _c5082
_d5082